[Event "Expo Zaragoza 2008"]
[Site "SchemingMind.com"]
[Date "2008.07.25"]
[Round "-"]
[White "Ivancic"]
[Black "lemmie"]
[Result "1-0"]
[WhiteCountry "AUS"]
[BlackCountry "NED"]
[WhiteElo "1930"]
[WhiteRD "97"]
[BlackElo "1744"]
[BlackRD "47"]
[GameID "164879"]

1. e4 e5 2. Nf3 Nc6 3. Bb5 a6 4. Ba4 b5 5. Bb3 Nf6 6. d4 exd4 7. e5 Qe7 8. O-O Ng4 9. Re1 Bb7 10. Bg5 Qc5
11. h3 Ngxe5 12. Nxe5 Nxe5 13. f4 f6 14. Bh4 Qc6 15. Qe2 Bc5 16. Kh1 O-O-O 17. fxe5 Rde8 18. e6 dxe6 19. a4 g5 20. axb5 axb5
21. Bg3 e5 22. c4 Rd8 23. cxb5 Qd6 24. Nd2 h5 25. Ne4 Qb6 26. Nxc5 Qxc5 27. Be6+ Kb8 28. Rec1 Qd6 29. Bf5 d3 30. Qd2 Qd4
31. Bf2 Qd5 32. Ba7+ Ka8 33. Bb6+ Kb8 34. Bxc7#
1-0

[Event "Expo Zaragoza 2008"]
[Site "SchemingMind.com"]
[Date "2008.07.25"]
[Round "-"]
[White "Carl Lenox"]
[Black "lemmie"]
[Result "0-1"]
[WhiteCountry "CAN"]
[BlackCountry "NED"]
[WhiteElo "1235"]
[WhiteRD "56"]
[BlackElo "1744"]
[BlackRD "47"]
[GameID "164880"]

1. e4 e5 2. Nf3 Nc6 3. Bc4 Bc5 4. O-O Nf6 5. Qe2 d6 6. d3 h6 7. Nc3 O-O 8. b3 a6 9. Nh4 Bg4 10. Qe1 Nh5
11. Ng6 Re8 12. a3 Kh7 13. Bxf7 Qf6 14. Bxe8 Rxe8 15. Nxe5 Nxe5 16. Nd5 Qf7 17. Be3 Bxe3 18. Qxe3 c6 19. Nc3 Rf8 20. Qd4 Qg6
21. Qb6 Bf3 22. h3 Qxg2#
0-1

[Event "Expo Zaragoza 2008"]
[Site "SchemingMind.com"]
[Date "2008.07.25"]
[Round "-"]
[White "Richi"]
[Black "lemmie"]
[Result "0-1"]
[WhiteCountry "GER"]
[BlackCountry "NED"]
[WhiteElo "1748"]
[WhiteRD "106"]
[BlackElo "1745"]
[BlackRD "51"]
[GameID "164881"]

1. e4 e5 2. f4 exf4 3. Nf3 g5 4. d4 d6 5. Nc3 h5 6. Bc4 g4 7. Nd2 Qh4+ 8. Kf1 f3 9. gxf3 Qh3+ 10. Kg1 Nc6
11. Nb5 Kd8 12. Bf1 Qh4 13. d5 Ne5 14. f4 Bh6 15. Nc4 Nf3+ 16. Kg2 Nf6 17. Ncxd6 cxd6 18. Nxd6 Bf8 19. Nxf7+ Ke8 20. Nxh8 Bc5
21. Bb5+ Bd7 22. Bxd7+ Kxd7
0-1

[Event "Expo Zaragoza 2008"]
[Site "SchemingMind.com"]
[Date "2008.07.26"]
[Round "-"]
[White "dansch"]
[Black "lemmie"]
[Result "1-0"]
[WhiteCountry "GER"]
[BlackCountry "NED"]
[WhiteElo "1592"]
[WhiteRD "113"]
[BlackElo "1744"]
[BlackRD "47"]
[GameID "164883"]

1. e4 e5 2. Nf3 Nc6 3. d4 exd4 4. Nxd4 Nxd4 5. Qxd4 d6 6. Bc4 Nf6 7. Bg5 Be7 8. Nc3 h6 9. Bh4 O-O 10. O-O-O Ng4
11. h3 Ne5 12. Bxe7 Qxe7 13. f4 Nc6 14. Nd5 Qd8 15. Qc3 a6 16. g4 Kh8 17. h4 Ne7 18. g5 Nxd5 19. Bxd5 c6 20. Bc4 b5
21. Bd3 h5 22. g6 fxg6 23. e5 Rxf4 24. Qxc6 Bg4 25. Rdf1 Rc8 26. Qxa6 Ra8 27. Qxd6 Qxd6 28. exd6 Rxf1+ 29. Rxf1 Rd8 30. Bxg6 Kg8
31. Re1 Kf8 32. b4 Kg8 33. Re8+ Rxe8 34. Bxe8 g5 35. d7
1-0

[Event "Expo Zaragoza 2008"]
[Site "SchemingMind.com"]
[Date "2008.07.25"]
[Round "-"]
[White "PlayerElite"]
[Black "lemmie"]
[Result "0-1"]
[WhiteCountry "RUS"]
[BlackCountry "NED"]
[WhiteElo "1868"]
[WhiteRD "143"]
[BlackElo "1744"]
[BlackRD "47"]
[GameID "164884"]

1. e4 e5 2. Nf3 Nc6 3. d4 exd4 4. Nxd4 Nxd4 5. Qxd4 d6 6. Nc3 Nf6 7. Bg5 Be7 8. O-O-O Be6 9. e5 dxe5 10. Qxe5 Qc8
11. Bd3 h6 12. Bh4 O-O 13. Ne4 Ng4 14. Qg3 Bxh4 15. Qxh4 Ne5 16. Nc5 Nxd3+ 17. Nxd3 Bxa2 18. b3 Qe6 19. Qa4 Bxb3 20. Qxb3 Qc6
21. g4 a5 22. h4 Rad8 23. f4 a4 24. Qa3 b5 25. h5 Rd4 26. g5 Rfd8 27. Ne5 Rxd1+ 28. Rxd1 Rxd1+ 29. Kxd1 Qh1+ 30. Kd2 Qxh5
31. gxh6 Qxh6 32. Nd3 Qh2+ 33. Kc3 Qg2 34. Qc5 c6 35. Qe7 Qd5 36. Ne5 c5 37. Qe8+ Kh7 38. Qxb5 Qd4#
0-1

[Event "Expo Zaragoza 2008"]
[Site "SchemingMind.com"]
[Date "2008.07.25"]
[Round "-"]
[White "nowhere"]
[Black "lemmie"]
[Result "0-1"]
[WhiteCountry "USA"]
[BlackCountry "NED"]
[WhiteElo "1454"]
[WhiteRD "149"]
[BlackElo "1745"]
[BlackRD "51"]
[GameID "164885"]

1. e4 e5 2. Nf3 Nc6 3. Bb5 a6 4. Bxc6 dxc6 5. Nxe5 Qd4 6. Nf3 Qxe4+ 7. Qe2 Qxe2+ 8. Kxe2 Bg4 9. Re1 O-O-O 10. Kf1 Bxf3
11. gxf3 g6 12. d4 Rxd4 13. Be3 Rd8 14. Nc3 Bg7 15. Bg5 f6 16. Bh4 Nh6 17. Ne4 Nf5 18. Bxf6 Bxf6 19. Nxf6 Rd2 20. Rac1 Nd4
21. c3 Nxf3 22. Re2 h5 23. Rxd2 Nxd2+ 24. Ke2 Nc4 25. b3 Nd6 26. Rg1 Rf8 27. Rxg6 Nb5 28. Ne4 Re8 29. f3 Nxc3+ 30. Kd2 Nxe4+
31. fxe4 Rxe4
0-1

[Event "Expo Zaragoza 2008"]
[Site "SchemingMind.com"]
[Date "2008.07.25"]
[Round "-"]
[White "elrancho"]
[Black "lemmie"]
[Result "0-1"]
[WhiteCountry "USA"]
[BlackCountry "NED"]
[WhiteElo "1606"]
[WhiteRD "148"]
[BlackElo "1744"]
[BlackRD "47"]
[GameID "164886"]

1. e4 e5 2. Nf3 Nc6 3. Bb5 a6 4. Ba4 b5 5. Bb3 Nf6 6. O-O Be7 7. c3 O-O 8. d4 Na5 9. Be3 Nxb3 10. Qxb3 exd4
11. cxd4 Nxe4 12. Nc3 Bb7 13. Rac1 Nxc3 14. Qxc3 Rc8 15. Bf4 c5 16. dxc5 Rxc5 17. Qe3 Rxc1 18. Rxc1 h6 19. Rc7 Bc6 20. Nd4 Re8
21. h3 Ba8 22. Nf5 Bh4 23. Qc5 Bc6 24. Bd6 Qf6 25. g3 Re1+ 26. Kh2 Rh1#
0-1